<?xml version="1.0" encoding="UTF-8"?>
<record
    xmlns:xsi="http://www.w3.org/2001/XMLSchema-instance"
    xsi:schemaLocation="http://www.loc.gov/MARC21/slim http://www.loc.gov/standards/marcxml/schema/MARC21slim.xsd"
    xmlns="http://www.loc.gov/MARC21/slim">

  <leader>01088nam2a2200313   4500</leader>
  <controlfield tag="001">RU\NLR\bibl\382833</controlfield>
  <controlfield tag="005">20250622154131.0</controlfield>
  <datafield tag="010" ind1=" " ind2=" ">
    <subfield code="a">5-7042-1170-4</subfield>
    <subfield code="9">1000</subfield>
  </datafield>
  <datafield tag="021" ind1=" " ind2=" ">
    <subfield code="a">RU</subfield>
    <subfield code="b">2003-3825</subfield>
    <subfield code="9">176</subfield>
  </datafield>
  <datafield tag="035" ind1=" " ind2=" ">
    <subfield code="a">(NLR Aleph) 000377230</subfield>
  </datafield>
  <datafield tag="090" ind1=" " ind2=" ">
    <subfield code="a">432962</subfield>
    <subfield code="c">432962</subfield>
  </datafield>
  <datafield tag="100" ind1=" " ind2=" ">
    <subfield code="a">20030304d2002    |||y0rusy50      ca</subfield>
  </datafield>
  <datafield tag="101" ind1="0" ind2=" ">
    <subfield code="a">rus</subfield>
  </datafield>
  <datafield tag="102" ind1=" " ind2=" ">
    <subfield code="a">RU</subfield>
  </datafield>
  <datafield tag="105" ind1=" " ind2=" ">
    <subfield code="a">a   |||||||||</subfield>
  </datafield>
  <datafield tag="200" ind1="1" ind2=" ">
    <subfield code="a">&#x41D;&#x430;&#x447;&#x430;&#x43B;&#x44C;&#x43D;&#x44B;&#x435; &#x43A;&#x430;&#x442;&#x430;</subfield>
  </datafield>
  <datafield tag="210" ind1=" " ind2=" ">
    <subfield code="d">2002</subfield>
    <subfield code="a">&#x411;. &#x43C;.</subfield>
  </datafield>
  <datafield tag="215" ind1=" " ind2=" ">
    <subfield code="a">92, [1] &#x441;.</subfield>
    <subfield code="c">&#x438;&#x43B;.</subfield>
  </datafield>
  <datafield tag="461" ind1=" " ind2="0">
    <subfield code="1">001RU\NLR\bibl\387561</subfield>
    <subfield code="1">2001#$a&#x41A;&#x430;&#x440;&#x430;&#x442;&#x44D;-&#x434;&#x43E; "&#x41A;&#x43E;&#x43D;&#x43D;&#x43E;-&#x434;&#x437;&#x44E;&#x43A;&#x443;"$v&#x427;. 1</subfield>
    <subfield code="9">461009</subfield>
    <subfield code="c">&#x41C;.</subfield>
    <subfield code="d">2002-</subfield>
    <subfield code="f">&#x418;&#x441;&#x441;&#x43B;&#x435;&#x434;. &#x446;&#x435;&#x43D;&#x442;&#x440; &#x43E;&#x43A;&#x438;&#x43D;&#x430;&#x432;. &#x431;&#x43E;&#x435;&#x432;&#x44B;&#x445; &#x438;&#x441;&#x43A;&#x443;&#x441;&#x441;&#x442;&#x432; "&#x41A;&#x44C;&#x44F;&#x43D;"</subfield>
    <subfield code="n">&#x41F;&#x440;&#x43E;&#x43C;&#x435;&#x442;&#x435;&#x439;</subfield>
    <subfield code="o">[&#x423;&#x447;&#x435;&#x431;.-&#x43F;&#x440;&#x430;&#x43A;&#x442;&#x438;&#x447;. &#x43F;&#x43E;&#x441;&#x43E;&#x431;&#x438;&#x435; : &#x412; 3 &#x447;.]</subfield>
    <subfield code="t">&#x41A;&#x430;&#x440;&#x430;&#x442;&#x44D;-&#x434;&#x43E; "&#x41A;&#x43E;&#x43D;&#x43D;&#x43E;-&#x434;&#x437;&#x44E;&#x43A;&#x443;"</subfield>
    <subfield code="v">&#x427;. 1</subfield>
  </datafield>
  <datafield tag="610" ind1="0" ind2=" ">
    <subfield code="a">&#x41A;&#x430;&#x440;&#x430;&#x442;&#x44D;</subfield>
  </datafield>
  <datafield tag="675" ind1=" " ind2=" ">
    <subfield code="a">796.853.26(075)</subfield>
    <subfield code="v">3</subfield>
    <subfield code="z">rus</subfield>
  </datafield>
  <datafield tag="686" ind1=" " ind2=" ">
    <subfield code="a">77</subfield>
    <subfield code="2">rugasnti</subfield>
  </datafield>
  <datafield tag="686" ind1=" " ind2=" ">
    <subfield code="a">75.715</subfield>
    <subfield code="2">rubbk</subfield>
  </datafield>
  <datafield tag="801" ind1=" " ind2="0">
    <subfield code="a">RU</subfield>
    <subfield code="b">RKP</subfield>
    <subfield code="c">20030304</subfield>
    <subfield code="g">PSBO</subfield>
  </datafield>
  <datafield tag="801" ind1=" " ind2="1">
    <subfield code="a">RU</subfield>
    <subfield code="b">RKP</subfield>
    <subfield code="c">20030304</subfield>
  </datafield>
  <datafield tag="801" ind1=" " ind2="2">
    <subfield code="a">RU</subfield>
    <subfield code="b">NLR</subfield>
    <subfield code="c">20030411</subfield>
    <subfield code="g">rcr</subfield>
  </datafield>
  <datafield tag="942" ind1=" " ind2=" ">
    <subfield code="c">BOOK</subfield>
  </datafield>
  <datafield tag="980" ind1=" " ind2=" ">
    <subfield code="a">NB</subfield>
  </datafield>
  <datafield tag="995" ind1=" " ind2=" ">
    <subfield code="5">2003-03-28</subfield>
    <subfield code="a">ad</subfield>
    <subfield code="b">NLR01</subfield>
    <subfield code="c">NLR01</subfield>
    <subfield code="e">RF3</subfield>
    <subfield code="f">451949</subfield>
    <subfield code="k">2003-4/5418</subfield>
    <subfield code="o">0</subfield>
    <subfield code="r">BOOK</subfield>
    <subfield code="s">200345418_</subfield>
  </datafield>
  <datafield tag="995" ind1=" " ind2=" ">
    <subfield code="5">2003-03-28</subfield>
    <subfield code="a">ad</subfield>
    <subfield code="b">NLR01</subfield>
    <subfield code="c">NLR01</subfield>
    <subfield code="e">RF3</subfield>
    <subfield code="f">451950</subfield>
    <subfield code="k">2003-4/5418</subfield>
    <subfield code="o">0</subfield>
    <subfield code="r">BOOK</subfield>
    <subfield code="s">200345418_</subfield>
  </datafield>
</record>
